000 004220000a22001690004500
003 MACL
005 20160106150440.0
008 160106b xxu||||| |||| 00| 0 eng d
040 _aMACL
_cMACL
041 _aEnglish
082 _a800/TUR
100 _aTurner, Dawson W
_928785
245 _aThe Odes Of Pindar
260 _bGeorge Bell and Sons
_c1909
_aLondon
650 _aLiterature
_928786
942 _cBK
_k800/TUR
_2ddc
999 _c39172
_d39172